1330 1110 1183 1058 1528 1402 1462 1600 1522 1790 1028 1856 1843 1970 1782 1514 1582 1928 1736 1217 1400 1848 1497 1710 1766 1579 1018 1469 1912 1078 1085 1804 1217 1432 1717 1217 1269 1979 1513 1786 1187 1073 1800 1067 1981 1403 1738 1734 1939 1909 1817 1773 1192 1853 1440 1984 1003 1834 1599 1513 1046 1647 1124 1740 1548 1719 1775 1450 1242 1672 1941 1309 1713 1747 1043 1893 1176 1874 1921 1364 1261 1833 1573 1003 1586 1498 1331 1471 1951 1357 1477 1084 1789 1956 1571 1178 1401 1870 1294 BCNSPRNW ULIB Ver.6.0+V

เปลี่ยนเป็นภาษาไทย

Change to English
 แสดงรายละเอียดบรรณานุกรม
  กลับหน้าหลัก

Brief Record : Get Marc (ISO 2709) : E-mail record : QR code < ปิดหน้าต่าง
LEADER : 00000nam 2200000uu 4500
001    13399127112
003     ULIB
008    191015s2019||||th 000 0 tha d
020    ^a9780323428743
060 04 ^aQZ39^bW423D
100 1  ^aWeiner, Carl P.
245 10 ^aDrugs for pregnant and lactating Women /^cCarl P. Weinerand Clifford Mason
260    ^aPhiladelphia :^bElsevier,^c2019
300    ^a1026 p. ;^c27 cm.
504    ^aIncludes bibliographical references
650  2 ^aPharmaceutical Preparations^xcontraindications^vhandbooks
650  2 ^aBreast Feeding^vhandbooks
650  2 ^aPregnancy^vhandbooks
700 1  ^aMason, Clifford
945    ^p4340^l0^i006300
999    ^aประนอม เกษจรัล
รายการนี้ยังไม่มีแท็ก
คุณยังไม่ได้ล็อกอิน คุณสามารถมีกิจกรรมร่วมกับเว็บไซต์ได้ แต่ต้องล็อกอินก่อน ::
  ล็อกอิน

รายการสื่อสารสนเทศ

ลำดับที่ ประเภท เลขเรียก/บาร์โค้ด สถานที่ สถานะ
1. วิทยาศาสตร์การแพทย์ และสุขภาพ
หนังสือสำรอง
สถานะ=หนังสือสำรอง
QZ39 W423D ฉ.1 
  Barcode: 006300
ห้องสมุดวิทยาเขตสวรรค์ประชารักษ์
►หนังสือทั่วไป
บนชั้น

BibComment


ยังไม่เคยถูกคอมเมนท์

คอมเมนท์ทรัพยากรรายการนี้
  คอมเมนท์: Drugs for pregna..


 Copyright 2026. Bcnsprnw @Library